Teach yourself home PC maintenance and networking. (Record no. 80927)
[ view plain ]
| 000 -LEADER | |
|---|---|
| fixed length control field | 00991nam a2200229 a 4500 |
| 008 - FIXED-LENGTH DATA ELEMENTS--GENERAL INFORMATION | |
| fixed length control field | 100122s2006 ||||||||||||||||| || u |
| 020 ## - INTERNATIONAL STANDARD BOOK NUMBER | |
| International Standard Book Number | 9780340928318 |
| 050 ## - LIBRARY OF CONGRESS CALL NUMBER | |
| Classification number | TK 7887 Pri |
| 100 ## - MAIN ENTRY--PERSONAL NAME | |
| Personal name | Price, Anthony |
| 245 10 - TITLE STATEMENT | |
| Title | Teach yourself home PC maintenance and networking. |
| 260 ## - PUBLICATION, DISTRIBUTION, ETC. | |
| Place of publication, distribution, etc. | London: |
| Name of publisher, distributor, etc. | Hodder Arnold |
| Date of publication, distribution, etc. | 2006 |
| 300 ## - PHYSICAL DESCRIPTION | |
| Extent | xii, 274p.; ill. |
| 350 ## - | |
| -- | 0.00 |
| 490 ## - | |
| -- | Teach yourself |
| 650 #0 - SUBJECT ADDED ENTRY--TOPICAL TERM | |
| Topical term or geographic name entry element | COMPUTER NETWORKS |
| 650 ## - SUBJECT ADDED ENTRY--TOPICAL TERM | |
| Topical term or geographic name entry element | MICROCOMPUTERS--MAINTENANCE AND REPAIR--AMATEURS' MANUAL |
| 650 ## - SUBJECT ADDED ENTRY--TOPICAL TERM | |
| Topical term or geographic name entry element | MICROCOMPUTERS--UPGRADING--AMATEURS' MANUALS |
| 650 ## - SUBJECT ADDED ENTRY--TOPICAL TERM | |
| Topical term or geographic name entry element | COMPUTERS--MAINTENANCE AND REPAIR |
| 650 ## - SUBJECT ADDED ENTRY--TOPICAL TERM | |
| Topical term or geographic name entry element | COMPUTERS |
| 995 ## - | |
| -- | MAIN LIBRARY OPEN ACCESS |
| -- | 0.00 |
| -- | 740566 |
| -- | CBU-MAIN LIBRARY (Kitwe) |
| -- | 1 |
| -- | 0.00 |
| -- | TK 7887 Pri |
| -- | 1 |
| -- | AVAILABLE |
| -- | Mar 24, 2010 |
| -- | 740566 |
| -- | Main Library Open Access Collection |
| 995 ## - | |
| -- | MAIN LIBRARY OPEN ACCESS |
| -- | 0.00 |
| -- | 740567 |
| -- | CBU-MAIN LIBRARY (Kitwe) |
| -- | 1 |
| -- | 0.00 |
| -- | TK 7887 Pri |
| -- | 2 |
| -- | AVAILABLE |
| -- | Mar 24, 2010 |
| -- | 740567 |
| -- | Main Library Open Access Collection |
| 999 ## - | |
| -- | 80927 |
| -- | 80927 |
| Withdrawn status | Lost status | Source of classification or shelving scheme | Damaged status | Not for loan | Permanent Location | Current Location | Shelving location | Date acquired | Total Checkouts | Full call number | Barcode | Date last seen | Copy number | Price effective from | Koha item type |
|---|---|---|---|---|---|---|---|---|---|---|---|---|---|---|---|
| CBU-MAIN LIBRARY, KITWE. | CBU-MAIN LIBRARY, KITWE. | 07/11/2023 | TK 7887 Pri | 740566 | 07/11/2023 | 1 | 07/11/2023 | MONOGRAPH | |||||||
| CBU-MAIN LIBRARY, KITWE. | CBU-MAIN LIBRARY, KITWE. | 07/11/2023 | TK 7887 Pri | 740567 | 07/11/2023 | 2 | 07/11/2023 | MONOGRAPH |